Dos mujeres comprometidas con su comunidad en gracias (Honduras) /
En este artículo se ilustran dos experiencias concretas hondureñas, situaciones ejemplares desde el punto de vista de la empresa social turística. Trata de dos mujeres, una en la hotelería y la enseñanza primaria, la otra en la restauración, quienes han logrado establecer sus propias empresas con un...
Guardat en:
| Autor principal: | |
|---|---|
| Altres autors: | |
| Format: | Text |
| Matèries: | |
| Etiquetes: |
Afegir etiqueta
Sense etiquetes, Sigues el primer a etiquetar aquest registre!
|
MARC
| LEADER | 00000 a a2200000 04500 | ||
|---|---|---|---|
| 001 | 43115 | ||
| 003 | |||
| 040 | |||
| 100 | |a Magnani, Stéphanie | ||
| 245 | |a Dos mujeres comprometidas con su comunidad en gracias (Honduras) / |c Stéphanie Magnani ; Jorge Querrero-Lozano | ||
| 520 | |a En este artículo se ilustran dos experiencias concretas hondureñas, situaciones ejemplares desde el punto de vista de la empresa social turística. Trata de dos mujeres, una en la hotelería y la enseñanza primaria, la otra en la restauración, quienes han logrado establecer sus propias empresas con una visión social y cultural. El hecho de ser dos mujeres realza este caso de empoderamiento local. | ||
| 590 | |a RRA/MAYO2012 | ||
| 650 | |a TURISMO | ||
| 650 | |a DESARROLLO SOCIAL | ||
| 650 | |a ESTUDIOS DE CASO | ||
| 650 | |a COMUNIDADES | ||
| 650 | |a HONDURAS | ||
| 700 | |a Querrero-Lozano, Jorge | ||
| 773 | |g volumen2, número1, páginas 220-252 : tablas | ||
| 999 | |c 20452 |d 20452 | ||
